extremely hard history quiz - Statistics

General Stats
  • This quiz has been taken 235 times
  • The average score is 6 of 15
Answer Stats
Question Answer % Correct
what was Vladimir Lenins death wish. dont let stalin become the next leader of the soviet union.
64%
what was napoleons height 5´6
61%
who was the first king of england Æthelstan
61%
who contributed the most to the unification of italy Giuseppe Garibaldi
59%
who was the first president of the republic of Ireland (ireland became a republic in 1938) Douglas Hyde
46%
who was the first egyptain pharough. Narmer
41%
who was the father of the last pharough of egypt Julius Caesar
40%
which of these statements is true Napoleon was once attacked by a hoard of bunnies
40%
which of these is true in 1992, singapore made chewing gum illegal.
36%
Why did northern ireland become a part of the uk the people wanted to join.
34%
what is the opening battle of ww2 The Battle Of Westerplatte
31%
when did the uk invade ireland. 1171
27%
who was the first king of ireland Ruaidri
20%
when was america (western hemisphere) discovered? 1000 ad
18%
which of these animals were once considered gods turkeys
0%
No matching quizzes found
Score Distribution
Percent of People with Each Score
Percentile by Number Answered
Your Score History
You have not taken this quiz